[Event "Karpacz op"]
[Site "Karpacz"]
[Date "2010.02.22"]
[Round "1"]
[White "Chomski, Maciej"]
[Black "Makielak, Hubert"]
[Result "1-0"]
[WhiteElo "1858"]
[BlackElo "1462"]
[PlyCount "54"]
[EventDate "2010.02.21"]
[EventType "swiss"]
[EventRounds "9"]
[EventCountry "POL"]
[SourceTitle "CBM 135 Extra"]
[Source "ChessBase"]
[SourceDate "2010.05.04"]
[SourceVersion "1"]
[SourceVersionDate "2010.05.04"]
[SourceQuality "1"]

1. e4 c5 2. Nf3 d6 3. d4 cxd4 4. Nxd4 Nf6 5. Nc3 g6 6. Be3 Bg7 7. f3 Nc6 8. Qd2 0-0 9. 0-0-0 Nxd4 10. Bxd4 Be6 11. Kb1 Qa5 12. Nd5 Qxd2 13. Nxe7+ Kh8 14. Rxd2 Rfe8 15. Bxf6 Bxf6 16. Nd5 Bxd5 17. Rxd5 Be5 18. g3 g5 19. Bh3 f6 20. Bf5 Re7 21. Rf1 Rg7 22. c3 Rd8 23. f4 gxf4 24. gxf4 Bxf4 25. Rxf4 Rg1+ 26. Kc2 Rg2+ 27. Rd2 Rgg8 1-0